000 00228nmm a2200085Ia 4500
008 220120s9999||||xx |||||||||||||||||und||
100 _aEFY
245 0 _aDesign and simulation ; e books, datasheets, circuits, fun s
260 _c2008
999 _c138595
_d138595